| 000 | 00782nam a2200253Ia 4500 | ||
|---|---|---|---|
| 003 | OSt | ||
| 005 | 20221005100853.0 | ||
| 006 | a|||||r|||| 00| 0 | ||
| 007 | ta | ||
| 008 | 221004b |||||||| |||| 00| 0 eng d | ||
| 020 |
_a9781847010681 (hbk) _c4642.64 |
||
| 024 | _a14363 | ||
| 037 |
_b211, 24/07/2014, Sunrise Books _cTextual |
||
| 040 |
_aCRL _cCRL _beng |
||
| 041 |
_2eng _aeng |
||
| 082 | _aY73:47:(X), Q3 | ||
| 100 |
_aDafinger Andreas _9614845 |
||
| 245 | 0 |
_aEconomics of ethnic conflict _b The case of burkina faso |
|
| 260 |
_aSuffolk _bJames Currey Great Britain _c2013 |
||
| 300 |
_axi,212p. _ccm. |
||
| 650 | _aSOCIOLOGY | ||
| 942 |
_hY73:47:(X), Q3 _cTEXL _2cc |
||
| 999 |
_c1005915 _d1005915 |
||